|
|
|
|
| LEADER |
01691nam a2200421 a 4500 |
| 001 |
1043 |
| 003 |
BD-DhAAL |
| 005 |
20150816094743.0 |
| 008 |
150816s1990 ctua b 001 0 eng |
| 010 |
|
|
|a 90004211
|
| 020 |
|
|
|a 8120406818
|
| 020 |
|
|
|a 0931816858
|
| 020 |
|
|
|a 093181684X (pbk.)
|
| 040 |
|
|
|a DLC
|c DLC
|d DLC
|d BD-DhAAL
|
| 050 |
0 |
0 |
|a HC60
|b .K67 1990
|
| 082 |
0 |
0 |
|a 338.9/009172/4
|2 20
|
| 100 |
1 |
|
|a Korten, David C.
|9 13769
|
| 245 |
1 |
0 |
|a Getting to the 21st century :
|b voluntary action and the global agenda /
|c David C. Korten.
|
| 260 |
|
|
|a West Hartford, Conn. :
|a New Delhi :
|b Kumarian Press,
|b Oxford & IBH Publishing,
|c c1990.
|
| 300 |
|
|
|a xv, 253 p. :
|b ill. ;
|c 23 cm.
|
| 490 |
|
|
|a Kumarian Press library of management for development
|
| 504 |
|
|
|a Includes bibliographical references and index.
|
| 541 |
|
|
|e 1043
|
| 650 |
|
0 |
|a Non-governmental organizations
|z Developing countries.
|9 7984
|
| 650 |
|
0 |
|a Non-governmental organizations.
|9 13770
|
| 650 |
|
0 |
|a Economic assistance
|z Developing countries.
|9 13771
|
| 650 |
|
0 |
|a Economic assistance, Domestic.
|9 10305
|
| 650 |
|
0 |
|a Economic development
|x Environmental aspects.
|9 8833
|
| 650 |
|
0 |
|a Voluntarism
|z Developing countries.
|9 13772
|
| 650 |
|
0 |
|a Voluntarism.
|9 13773
|
| 650 |
|
0 |
|a Green movement
|z Developing countries.
|9 13774
|
| 650 |
|
0 |
|a Green movement.
|9 13775
|
| 650 |
|
0 |
|a Peace movements
|z Developing countries.
|9 13776
|
| 650 |
|
0 |
|a Peace movements.
|9 5986
|
| 740 |
0 |
|
|a Getting to the twenty-first century.
|
| 942 |
|
|
|2 ddc
|c CR
|
| 999 |
|
|
|c 35228
|d 35228
|
| 952 |
|
|
|0 0
|1 0
|2 ddc
|4 0
|6 338_900917240000000_KOR
|7 0
|9 55228
|a SCL
|b SCL
|c GEN
|d 2015-08-16
|l 0
|o 338.90091724 KOR
|p 3020001043
|r 2015-08-16
|t 1
|w 2015-08-16
|y BK
|